| 000 | 00764nam a2200277Ia 4500 | ||
|---|---|---|---|
| 005 | 20250425161105.0 | ||
| 008 | 250425s9999 xx 000 0 und d | ||
| 020 | _a9580403295 | ||
| 041 | _aspa | ||
| 043 | _ack | ||
| 082 | _a658.4012 | ||
| 100 | _aHANAN, MACK | ||
| 245 | 0 | _aESTRATEGIAS RECOMPETITIVAS: COMO REIMPULSAR EL CRECIMIENTO DE SU PRODUCTO EN UN MERCADO MADURO | |
| 250 | _a1A ED. | ||
| 260 | _aBOGOTA | ||
| 260 |
_aColombia _bNORMA _c1987 |
||
| 300 | _a192 | ||
| 500 | _aTÃtulo Traducido: RE-COMPETITIVE STRATEGIES | ||
| 650 | _aESTRATEGIAS COMPETITIVAS | ||
| 650 | _aESTRATEGIAS DE MERCADO | ||
| 650 | _aGESTION ESTRATEGICA | ||
| 700 |
_aADRIANA ARIAS DE HASSAN _etraductor |
||
| 710 | _aNORMA | ||
| 942 | _c01 | ||
| 010 | _a12270 | ||
| 999 |
_c202206 _d202206 |
||